[Event "FIDE-Wch k.o."]
[Site "Tripoli"]
[Date "2004.06.19"]
[Round "1.1"]
[White "Kadhi, Hameed Mansour Ali"]
[Black "Short, Nigel D"]
[Result "0-1"]
[WhiteElo "2379"]
[BlackElo "2712"]
[PlyCount "106"]
[EventDate "2004.06.19"]
[EventType "k.o."]
[EventRounds "7"]
[EventCountry "LBY"]
[SourceTitle "CBM 102"]
[Source "ChessBase"]
[SourceDate "2004.09.23"]
[SourceVersion "1"]
[SourceVersionDate "2004.09.23"]
[SourceQuality "1"]

1. e4 e5 2. Nf3 Nc6 3. d4 exd4 4. Nxd4 Bc5 5. Nxc6 Qf6 6. Qd2 dxc6 7. Nc3 Ne7 8. Qf4 Be6 9. Na4 Qxf4 10. Bxf4 Bd6 11. Bxd6 cxd6 12. 0-0-0 0-0-0 13. Nc3 f5 14. exf5 Bxf5 15. Bd3 Rhf8 16. Rhe1 Ng6 17. f3 d5 18. g3 Kc7 19. f4 Bxd3 20. Rxd3 Rde8 21. Rdd1 Nh8 22. Ne2 Nf7 23. Nd4 Rg8 24. b3 g6 25. c4 dxc4 26. Ne6+ Kc8 27. bxc4 Re7 28. Nc5 Rge8 29. Rxe7 Rxe7 30. Rd2 b6 31. Nd3 Re4 32. c5 Kc7 33. cxb6+ axb6 34. Rf2 c5 35. Ne5 Nd6 36. Rd2 g5 37. Rf2 gxf4 38. gxf4 Nf5 39. Rd2 Nd4 40. Rg2 Ne2+ 41. Kb2 Nxf4 42. Rg7+ Kd6 43. Nf7+ Kd5 44. Rxh7 b5 45. Rh8 Re2+ 46. Kb1 c4 47. Rd8+ Kc5 48. Ng5 Kb4 49. Rd4 Nd3 50. Ne4 Rb2+ 51. Ka1 Rxh2 52. Kb1 Rb2+ 53. Ka1 Rc2 0-1

[Event "Asia-ch 4th"]
[Site "Doha"]
[Date "2003.02.26"]
[Round "5"]
[White "Kakageldyev, Amanmurad"]
[Black "Kadhi, Hameed Mansour Ali"]
[Result "1-0"]
[WhiteElo "2469"]
[BlackElo "2334"]
[PlyCount "87"]
[EventDate "2003.02.22"]
[EventType "swiss"]
[EventRounds "9"]
[EventCountry "QAT"]
[SourceTitle "CBM 094"]
[Source "ChessBase"]
[SourceDate "2003.05.26"]
[SourceVersion "1"]
[SourceVersionDate "2003.05.26"]
[SourceQuality "1"]

1. d4 d5 2. c4 c6 3. Nf3 dxc4 4. a4 b5 5. e3 e6 6. axb5 cxb5 7. b3 Bb4+ 8. Bd2 Bxd2+ 9. Nbxd2 a5 10. bxc4 b4 11. Bd3 Nf6 12. 0-0 0-0 13. Qc2 Nc6 14. Ne4 h6 15. d5 Nb8 16. Nxf6+ Qxf6 17. e4 exd5 18. exd5 Nd7 19. c5 b3 20. Qxb3 Nxc5 21. Bh7+ Kh8 22. Qe3 Bg4 23. Ne5 Kxh7 24. Nxg4 Qd6 25. Rac1 Rac8 26. Rfd1 Kg8 27. Qf3 Nd7 28. Rc6 Qb4 29. Qg3 Kh7 30. h3 Rce8 31. Qc7 Re7 32. Rcc1 f5 33. d6 Ref7 34. Qc2 Kh8 35. Ne3 f4 36. Nf1 Qb5 37. Nh2 f3 38. Nxf3 Rxf3 39. gxf3 Ne5 40. Qc5 Nxf3+ 41. Kh1 Qa4 42. d7 Rd8 43. Qc7 Qh4 44. Qxd8+ 1-0

[Event "Abu Dhabi op 10th"]
[Site "Abu Dhabi"]
[Date "2000.09.01"]
[Round "6"]
[White "Kadhi, Hameed Mansour Ali"]
[Black "Bagirov, Rufat"]
[Result "0-1"]
[WhiteElo "2335"]
[BlackElo "2471"]
[PlyCount "83"]
[EventDate "2000.08.26"]
[EventType "swiss"]
[EventRounds "9"]
[EventCountry "UAE"]
[SourceTitle "CBM 077 Extra"]
[Source "ChessBase"]
[SourceDate "2000.09.14"]
[SourceVersion "1"]
[SourceVersionDate "2000.09.14"]
[SourceQuality "1"]

1. e4 e6 2. d4 d5 3. Nc3 Nf6 4. Bg5 Be7 5. e5 Nfd7 6. Bxe7 Qxe7 7. f4 0-0 8. Nf3 c5 9. dxc5 f6 10. exf6 Qxf6 11. g3 Nxc5 12. Bd3 Nc6 13. 0-0 Bd7 14. Qd2 Nxd3 15. cxd3 e5 16. Rae1 exf4 17. Nxd5 Qd6 18. Nxf4 Bg4 19. Qe3 Rad8 20. Ng5 h6 21. Ne4 Qb4 22. Ng6 Rxf1+ 23. Rxf1 Qxb2 24. Qf4 Be6 25. Nf8 Nd4 26. Kh1 Bf5 27. g4 Rxf8 28. gxf5 Nxf5 29. Qg4 Qe5 30. Rg1 b6 31. a4 Qd4 32. Qd1 Kh7 33. h3 Qe3 34. Qg4 Qxd3 35. Rg2 Qd4 36. Rf2 Qe5 37. Kg1 Ne3 38. Qh4 Re8 39. Nd2 Re6 40. Nf3 Rg6+ 41. Kh1 Qa1+ 42. Kh2 0-1

[Event "Abu Dhabi op 10th"]
[Site "Abu Dhabi"]
[Date "2000.08.28"]
[Round "3"]
[White "Al Ghasra, Ali"]
[Black "Kadhi, Hameed Mansour Ali"]
[Result "0-1"]
[WhiteElo "2205"]
[BlackElo "2335"]
[PlyCount "46"]
[EventDate "2000.08.26"]
[EventType "swiss"]
[EventRounds "9"]
[EventCountry "UAE"]
[SourceTitle "CBM 077 Extra"]
[Source "ChessBase"]
[SourceDate "2000.09.14"]
[SourceVersion "1"]
[SourceVersionDate "2000.09.14"]
[SourceQuality "1"]

1. d4 d5 2. c4 c6 3. Nc3 dxc4 4. a4 e5 5. e3 exd4 6. exd4 Be6 7. Nf3 Nf6 8. Ne5 c5 9. Bxc4 Bxc4 10. Nxc4 cxd4 11. Nb5 Bb4+ 12. Bd2 Bxd2+ 13. Qxd2 0-0 14. 0-0 Nc6 15. Rfd1 Qd5 16. Rac1 Rac8 17. Qf4 a6 18. Nc7 Qh5 19. Rd3 Qe2 20. Rd2 Qe7 21. b4 Nxb4 22. Na5 Rfe8 23. Rxd4 Na2 0-1

[Event "Abu Dhabi op 10th"]
[Site "Abu Dhabi"]
[Date "2000.08.27"]
[Round "2"]
[White "Kadhi, Hameed Mansour Ali"]
[Black "Dzhumaev, Marat"]
[Result "0-1"]
[WhiteElo "2335"]
[BlackElo "2495"]
[PlyCount "70"]
[EventDate "2000.08.26"]
[EventType "swiss"]
[EventRounds "9"]
[EventCountry "UAE"]
[SourceTitle "CBM 077 Extra"]
[Source "ChessBase"]
[SourceDate "2000.09.14"]
[SourceVersion "1"]
[SourceVersionDate "2000.09.14"]
[SourceQuality "1"]

1. e4 g6 2. d4 Bg7 3. Nc3 d6 4. Be3 c6 5. a4 Nf6 6. h3 0-0 7. Nge2 Qa5 8. Bd2 Qc7 9. g3 e5 10. Be3 d5 11. exd5 Nxd5 12. Nxd5 cxd5 13. Bg2 Nc6 14. 0-0 Bf5 15. dxe5 Qxe5 16. c3 Be4 17. Bf4 Qf6 18. f3 Bf5 19. Qxd5 Rad8 20. Qc5 Rfe8 21. Rfe1 b6 22. Qf2 Bf8 23. b4 Nxb4 24. cxb4 Bxb4 25. Rec1 Bc5 26. Rxc5 bxc5 27. Rc1 g5 28. Be3 Qe7 29. Rc3 Rd1+ 30. Kh2 Rd3 31. Bxg5 Qxg5 32. Qxc5 Rxe2 33. Rxd3 Rxg2+ 34. Kh1 Rxg3 35. Rd8+ Qxd8 0-1

[Event "Bolton op"]
[Site "Bolton"]
[Date "1997.??.??"]
[Round "?"]
[White "Kadhi, Hameed Mansour Ali"]
[Black "Jackson, Oliver A"]
[Result "1-0"]
[WhiteElo "2330"]
[BlackElo "2200"]
[PlyCount "59"]
[EventDate "1997.??.??"]
[EventType "swiss"]
[EventRounds "9"]
[EventCountry "ENG"]
[SourceTitle "EXT 2003"]
[Source "ChessBase"]
[SourceDate "2002.11.25"]
[SourceVersion "1"]
[SourceVersionDate "2002.11.25"]
[SourceQuality "1"]

1. e4 c5 2. Nf3 e6 3. d4 cxd4 4. Nxd4 a6 5. Bd3 Nf6 6. 0-0 Qc7 7. Kh1 Bc5 8. Nb3 Be7 9. f4 d6 10. a4 b6 11. Nc3 Bb7 12. e5 dxe5 13. fxe5 Qxe5 14. Bf4 Qh5 15. Be2 Qg6 16. Bf3 Nc6 17. a5 Rd8 18. Qe2 bxa5 19. Ne4 0-0 20. Nxf6+ Qxf6 21. Bc7 Qxb2 22. Bxd8 Bxd8 23. Qf2 Bc7 24. Rfe1 Qf6 25. Qg1 Be5 26. Ra4 Rd8 27. Qb6 Bc3 28. Rb1 Ba8 29. Bxc6 e5 30. Rc4 1-0

[Event "Olympiad-32"]
[Site "Yerevan"]
[Date "1996.09.21"]
[Round "6.2"]
[White "Foo, Hsiang Ming"]
[Black "Kadhi, Hameed Mansour Ali"]
[Result "1-0"]
[WhiteElo "2195"]
[BlackElo "2300"]
[PlyCount "95"]
[EventDate "1996.09.15"]
[EventType "team-swiss"]
[EventRounds "14"]
[EventCountry "ARM"]
[SourceTitle "CBM 055"]
[Source "ChessBase"]
[SourceDate "1996.12.01"]
[SourceVersion "1"]
[SourceVersionDate "1996.12.01"]
[SourceQuality "1"]
[WhiteTeam "Singapore"]
[BlackTeam "Yemen"]
[WhiteTeamCountry "SIN"]
[BlackTeamCountry "YEM"]

1. e4 c5 2. Nf3 e6 3. d4 cxd4 4. Nxd4 Nc6 5. Nc3 Qc7 6. Be3 a6 7. g3 d6 8. Bg2 Be7 9. 0-0 Bd7 10. a4 Nf6 11. f4 0-0 12. Nb3 Rac8 13. Kh1 Nb4 14. a5 Be8 15. Rf2 d5 16. Bb6 Qb8 17. exd5 Nfxd5 18. Nxd5 Nxd5 19. Bxd5 exd5 20. Nd4 Bf6 21. Qg4 Rc4 22. c3 Qd6 23. Re1 Bd7 24. Qf3 Bxd4 25. Bxd4 Bf5 26. Qh5 Be4+ 27. Kg1 f5 28. Rd2 Qd7 29. Be5 Rc6 30. Rd4 b6 31. Qe2 bxa5 32. Ra1 Qb7 33. Rxa5 Rb6 34. b4 Rb5 35. Ra1 Qb6 36. Qa2 Ra8 37. Qf2 Qe6 38. Rd2 d4 39. Rxd4 Bb7 40. Rd6 Qf7 41. Rad1 Rd5 42. R1xd5 Bxd5 43. Qd4 Be6 44. Bxg7 Re8 45. Be5 Qb7 46. Rd8 Kf7 47. Bh8 Kf8 48. Bg7+ 1-0

[Event "Olympiad-32"]
[Site "Yerevan"]
[Date "1996.09.19"]
[Round "4.2"]
[White "Kadhi, Hameed Mansour Ali"]
[Black "Berend, Fred"]
[Result "1-0"]
[WhiteElo "2300"]
[BlackElo "2425"]
[PlyCount "105"]
[EventDate "1996.09.15"]
[EventType "team-swiss"]
[EventRounds "14"]
[EventCountry "ARM"]
[SourceTitle "CBM 055"]
[Source "ChessBase"]
[SourceDate "1996.12.01"]
[SourceVersion "1"]
[SourceVersionDate "1996.12.01"]
[SourceQuality "1"]
[WhiteTeam "Yemen"]
[BlackTeam "Luxembourg"]
[WhiteTeamCountry "YEM"]
[BlackTeamCountry "LUX"]

1. e4 c5 2. Nf3 e6 3. d4 cxd4 4. Nxd4 Nc6 5. Nc3 a6 6. Be3 Nf6 7. Bd3 d5 8. exd5 exd5 9. 0-0 Bd6 10. Nxc6 bxc6 11. Re1 0-0 12. Bg5 h6 13. Bh4 Rb8 14. Rb1 Rb4 15. Bg3 Ng4 16. Be2 Bxg3 17. hxg3 Qb6 18. Bxg4 Bxg4 19. Qd2 Bf5 20. a3 Rg4 21. Re5 Bg6 22. Kh2 Qd4 23. Qe2 Bxc2 24. Re1 Bd3 25. Qf3 Bg6 26. Re8 Rg5 27. Rd1 Qc5 28. b4 Qa7 29. Rxf8+ Kxf8 30. Qf4 Kg8 31. Rd2 Kh7 32. Qd6 Rg4 33. Na4 a5 34. Nc5 axb4 35. Nd7 Qa8 36. axb4 Rg5 37. Rd1 Bf5 38. Ne5 Bc2 39. Rc1 Qe8 40. Nf3 Rg6 41. Qe5 Re6 42. Qc3 Ba4 43. Nd4 Rf6 44. Re1 Qd7 45. Ra1 Bb5 46. Qc2+ g6 47. Qc3 Bc4 48. Ra8 Qd6 49. Qe3 Qd7 50. Qe5 Qg4 51. Qxf6 Qh5+ 52. Qh4 Qd1 53. Nf3 1-0

[Event "Asia-ch"]
[Site "Dubai"]
[Date "1996.??.??"]
[Round "?"]
[White "Mooi, Osric Kok Onn"]
[Black "Kadhi, Hameed Mansour Ali"]
[Result "1-0"]
[WhiteElo "2110"]
[BlackElo "2300"]
[PlyCount "103"]
[EventDate "1996.??.??"]
[EventType "swiss"]
[EventRounds "9"]
[EventCountry "UAE"]
[SourceTitle "EXT 1999"]
[Source "ChessBase"]
[SourceDate "1998.11.16"]
[SourceVersion "1"]
[SourceVersionDate "1998.11.16"]
[SourceQuality "1"]

1. e4 c5 2. Nf3 e6 3. c3 d5 4. exd5 Qxd5 5. d4 Nc6 6. Na3 Nf6 7. Be2 cxd4 8. Nb5 Qd8 9. Nbxd4 Bd7 10. 0-0 Be7 11. Nxc6 Bxc6 12. Ne5 Qxd1 13. Rxd1 Bd5 14. Bb5+ Kf8 15. c4 Be4 16. f3 Bc5+ 17. Kf1 Bc2 18. Rd2 Bg6 19. Nd7+ Nxd7 20. Rxd7 a6 21. Ba4 e5 22. Bd2 Rb8 23. Bc3 f6 24. Rad1 Bf5 25. Rc7 Be7 26. Bd7 Bg6 27. Bc8 Be8 28. Bxb7 h5 29. Bxa6 h4 30. Bb5 Bd8 31. Ra7 Bb6 32. Bb4+ Kg8 33. Re7 Bxb5 34. cxb5 Bd4 35. a4 Ra8 36. a5 h3 37. g3 Rc8 38. b6 Rc2 39. Re8+ Kh7 40. Rxh8+ Kxh8 41. Rxd4 exd4 42. b7 Rxh2 43. b8Q+ Kh7 44. Qc8 Rh1+ 45. Ke2 h2 46. Qh3+ Kg6 47. Be1 d3+ 48. Kd2 f5 49. Qg2 Rxe1 50. Kxe1 d2+ 51. Kxd2 h1R 52. Qxh1 1-0

[Event "Asia-ch"]
[Site "Dubai"]
[Date "1996.??.??"]
[Round "?"]
[White "Wo, Dai D"]
[Black "Kadhi, Hameed Mansour Ali"]
[Result "1/2-1/2"]
[WhiteElo "2110"]
[BlackElo "2300"]
[PlyCount "120"]
[EventDate "1996.??.??"]
[EventType "swiss"]
[EventRounds "9"]
[EventCountry "UAE"]
[SourceTitle "EXT 1999"]
[Source "ChessBase"]
[SourceDate "1998.11.16"]
[SourceVersion "1"]
[SourceVersionDate "1998.11.16"]
[SourceQuality "1"]

1. e4 c5 2. Nf3 e6 3. d4 cxd4 4. Nxd4 a6 5. c4 Nf6 6. e5 Qa5+ 7. Nc3 Qxe5+ 8. Be2 Bb4 9. 0-0 Nc6 10. Nf3 Qc7 11. Qc2 0-0 12. b3 d5 13. a3 Be7 14. cxd5 exd5 15. Bb2 Be6 16. Rac1 Rac8 17. Rfd1 Rfd8 18. b4 b5 19. g3 Qb6 20. Qd3 Ng4 21. Rf1 Bf6 22. Qb1 Nge5 23. Nxe5 Nxe5 24. Rfd1 Nc4 25. Bf3 Nxa3 26. Qa2 Nc4 27. Nxd5 Bxd5 28. Bxf6 Qxf6 29. Bxd5 g6 30. Bb7 Rxd1+ 31. Rxd1 Rd8 32. Rxd8+ Qxd8 33. Qxa6 Qd1+ 34. Kg2 Qe2 35. Qa7 Nd2 36. h4 Qe7 37. Qb8+ Kg7 38. Bc6 Qxb4 39. Qxb5 Qd4 40. Qd5 Qxd5+ 41. Bxd5 h5 42. f3 Nb1 43. Kf2 Nc3 44. Bc6 Na2 45. Ke3 Kf6 46. Ke4 Nb4 47. Bb5 Ke7 48. Ke5 Nc2 49. Ke4 Kd6 50. Be8 Ke7 51. Ba4 Nb4 52. Bb5 Nc2 53. Kd3 Ne1+ 54. Ke3 Nc2+ 55. Ke4 Nb4 56. Ke5 Nc2 57. Bd3 Nb4 58. Bb5 Nc2 59. Ke4 Nb4 60. g4 hxg4 1/2-1/2

[Event "Olympiad-31"]
[Site "Moscow"]
[Date "1994.12.06"]
[Round "6.2"]
[White "Kadhi, Hameed Mansour Ali"]
[Black "Frick, Renato"]
[Result "1-0"]
[WhiteElo "2285"]
[BlackElo "2160"]
[PlyCount "79"]
[EventDate "1994.12.01"]
[EventType "team-swiss"]
[EventRounds "14"]
[EventCountry "RUS"]
[SourceTitle "CBM 045"]
[Source "ChessBase"]
[SourceDate "1995.04.01"]
[SourceVersion "1"]
[SourceVersionDate "1995.04.01"]
[SourceQuality "1"]
[WhiteTeam "Yemen"]
[BlackTeam "Liechtenstein"]
[WhiteTeamCountry "YEM"]
[BlackTeamCountry "LIE"]

1. e4 c5 2. Nf3 d6 3. d4 cxd4 4. Nxd4 Nf6 5. Nc3 a6 6. h3 e6 7. g4 Be7 8. Bg2 Qc7 9. g5 Nfd7 10. f4 Nc6 11. h4 b5 12. Nxc6 Qxc6 13. Qd4 0-0 14. h5 Bb7 15. Be3 Rfc8 16. a4 Bd8 17. a5 Qc5 18. Qd2 Qb4 19. Nd1 Qxd2+ 20. Kxd2 f5 21. Nf2 Nc5 22. Bxc5 Rxc5 23. Rhg1 b4 24. Nd3 Rxa5 25. Rxa5 Bxa5 26. exf5 Bxg2 27. Rxg2 exf5 28. g6 Re8 29. Rg5 Rf8 30. Rg1 b3+ 31. c3 Bc7 32. Nb4 d5 33. Nxd5 Rd8 34. c4 Bxf4+ 35. Kc3 Be5+ 36. Kxb3 Rb8+ 37. Ka4 Rxb2 38. Re1 Ra2+ 39. Kb3 Rb2+ 40. Ka3 1-0

[Event "Olympiad-31"]
[Site "Moscow"]
[Date "1994.12.01"]
[Round "1.2"]
[White "Kadhi, Hameed Mansour Ali"]
[Black "Sulskis, Sarunas"]
[Result "0-1"]
[WhiteElo "2285"]
[BlackElo "2455"]
[PlyCount "76"]
[EventDate "1994.12.01"]
[EventType "team-swiss"]
[EventRounds "14"]
[EventCountry "RUS"]
[SourceTitle "CBM 045"]
[Source "ChessBase"]
[SourceDate "1995.04.01"]
[SourceVersion "1"]
[SourceVersionDate "1995.04.01"]
[SourceQuality "1"]
[WhiteTeam "Yemen"]
[BlackTeam "Lithuania"]
[WhiteTeamCountry "YEM"]
[BlackTeamCountry "LTU"]

1. e4 c6 2. d4 d5 3. exd5 cxd5 4. c4 Nf6 5. Nc3 Nc6 6. cxd5 Nxd5 7. Nf3 e6 8. Qb3 Be7 9. Ne5 Nxc3 10. bxc3 Nxe5 11. dxe5 0-0 12. Be2 Qc7 13. Bf4 b6 14. Bf3 Bb7 15. Bxb7 Qxb7 16. 0-0 Rac8 17. Be3 Bc5 18. Rfe1 Bxe3 19. Rxe3 Rc5 20. Rd1 Qc7 21. Qa4 b5 22. Qd4 Rd5 23. Qg4 Rxe5 24. Rg3 g6 25. Rgd3 Rc8 26. Qh4 Qc4 27. Qh3 h5 28. Qf3 Qe4 29. Kf1 Kg7 30. Qxe4 Rxe4 31. Rd7 Rxc3 32. Rxa7 Rc2 33. f3 Ree2 34. Rdd7 Rf2+ 35. Ke1 Rxg2 36. Rxf7+ Kh6 37. Kf1 Rxh2 38. Kg1 Rhd2 0-1

[Event "Bratislava op"]
[Site "Bratislava"]
[Date "1993.??.??"]
[Round "9"]
[White "Barros, Raul"]
[Black "Kadhi, Hameed Mansour Ali"]
[Result "0-1"]
[WhiteElo "2280"]
[BlackElo "2305"]
[PlyCount "123"]
[EventDate "1993.??.??"]
[EventType "swiss"]
[EventRounds "9"]
[EventCountry "SVK"]
[SourceTitle "EXT 1997"]
[Source "ChessBase"]
[SourceDate "1996.11.15"]
[SourceVersion "1"]
[SourceVersionDate "1996.11.15"]
[SourceQuality "1"]

1. d4 Nf6 2. c4 c5 3. d5 Ne4 4. Qc2 Qa5+ 5. Nd2 Nd6 6. e4 g6 7. Ngf3 Bg7 8. Be2 Na6 9. 0-0 0-0 10. a3 b5 11. cxb5 Nxb5 12. Nc4 Qc7 13. Qa4 Nd4 14. Re1 d6 15. Bf4 Bd7 16. Qd1 Bb5 17. Rc1 Nxf3+ 18. Bxf3 Bxc4 19. Rxc4 Bxb2 20. Qe2 Be5 21. Bh6 Rfe8 22. Bg4 Nb8 23. Rec1 Nd7 24. f4 Bh8 25. h4 Rab8 26. h5 Rb2 27. R4c2 Rxc2 28. Rxc2 Bg7 29. Bxg7 Kxg7 30. Rb2 Nf6 31. Bf3 Rb8 32. e5 dxe5 33. fxe5 Nd7 34. e6 fxe6 35. Rxb8 Qxb8 36. Qxe6 Qd6 37. Qe3 Qe5 38. Qh6+ Kf6 39. Qc1 Qd4+ 40. Kh2 Ne5 41. Qf1 Kg5 42. Be2 Qf4+ 43. Kg1 Qxf1+ 44. Kxf1 Kf4 45. Kf2 Ke4 46. Ba6 c4 47. Bb7 Kd3 48. Ke1 c3 49. Kd1 c2+ 50. Kc1 Kc3 51. Ba6 Nd3+ 52. Bxd3 Kxd3 53. a4 a5 54. g3 Kc3 55. g4 Kb3 56. g5 Kxa4 57. Kxc2 Kb4 58. Kd3 a4 59. Ke4 a3 60. Ke5 a2 61. Ke6 a1Q 62. Kxe7 0-1

[Event "Arab-ch 8th"]
[Site "Doha"]
[Date "1993.??.??"]
[Round "4"]
[White "Hmadi, Slaheddine"]
[Black "Kadhi, Hameed Mansour Ali"]
[Result "0-1"]
[WhiteElo "2315"]
[BlackElo "2270"]
[PlyCount "96"]
[EventDate "1993.??.??"]
[EventType "swiss"]
[EventRounds "11"]
[EventCountry "QAT"]
[SourceTitle "TD"]
[Source "ChessBase"]
[SourceDate "1994.03.01"]
[SourceVersion "1"]
[SourceVersionDate "1994.03.01"]
[SourceQuality "1"]

1. e4 d5 2. exd5 Nf6 3. c4 e6 4. dxe6 Bxe6 5. Nf3 Qe7 6. Be2 Bxc4 7. d3 Be6 8. 0-0 g6 9. d4 Bg7 10. Nc3 0-0 11. d5 Bc8 12. Bf4 Ne8 13. Rc1 Nd6 14. Re1 h6 15. Qd2 Kh7 16. Bd3 Qd8 17. Ne5 Nd7 18. Ng4 Nc5 19. Ne3 Nxd3 20. Qxd3 a6 21. b3 Re8 22. Na4 Bd7 23. Nc5 Bb5 24. Nc4 b6 25. Ne4 Nb7 26. Qd2 f5 27. Ng3 Nc5 28. Rxe8 Bxe8 29. b4 Nb7 30. d6 Nxd6 31. Nxd6 cxd6 32. Qxd6 Qxd6 33. Bxd6 Rd8 34. Bf4 Rd4 35. Ne2 Rxb4 36. g3 Bb5 37. Nc3 Bc6 38. Nd1 Bf3 39. Ne3 Rb2 40. a3 Ra2 41. Rc7 Kg8 42. Rc8+ Kf7 43. Rc7+ Kf6 44. Nc2 Bf8 45. Be3 Bd6 46. Rc8 Bb7 47. Rc3 Be5 48. Rb3 Rxc2 0-1